000 02126nam a2200313 i 4500
001 184070
003 ES-MaACL
005 20251114151652.0
008 150304s1922 fr |||| | fre d
080 _a281.71
245 0 0 _aPatrologia orientalis.
_nTomus decimus sextus /
_c[édité par] R. Graffin et F. Nau.
260 _aParis :
_bFirmin-Didot et cie, éditeurs,
_c1922.
300 _a862-XI p. ;
_c28 cm.
500 _aContiene índices de los tomos I a XVI.
505 8 _aContiene: Le synaxaire arménien de Ter Israël. IV, Mois de Tré / publié et traduit par le Dr. G. Bayan. - 1922 ; Fasc. 1 Le synaxaire arabe jacobite (rédaction copte). IV, Les mois de Barmahat, Barmoudah et Bachons / texte arabe publié, traduit et annoté par René Basset,.... - 1922 ; Fasc. 2 Homélies mariales byzantines. [I], I. Abraham d'Éphèse. - Abbé Théognoste. - III. S. Euthyme, Patriarche de Constantinople, et Aréthas de Césarée. - IV. Michel Psellos. - V. Néophyte le Reclus. - VI. Manuel II Paléologue. - VII. Georges Scholarios / textes grecs édités et traduits en latin par Martin Jugie,.... - 1922 ; Fasc. 3 La Perle Précieuse traitant des sciences ecclésiastiques (chapitres I-LVI) / par Jean, fils d'Abou-Zakariyâ, surnommé ibn Sabâ? ; texte arabe publié et traduit par Jean Périer,.... - 1922 ; Fasc. 4 Les Homiliae Cathedrales de Sévère d'Antioche (suite) : Homélie LXXVII / texte grec édité et traduit en français, versions syriaques publiées pour la première fois par M.-A. Kugener & Edg. Triffaux. - 1922
650 _aPatrística.
_915895
650 0 7 _aLiteratura cristiana primitiva
_2embne
_914529
700 1 _aTer Israël.
_9156173
700 1 _aBayan, George.
_9156174
700 0 _aBasset, René.
_926315
700 1 _aJugie, Martin,
_d1878-1954
_9156469
700 1 _aPérier, Jean-Baptiste,
_d1870-1940
_9156171
700 1 _aKugener, Marc-Antoine (
_d1873-1941)
_9156164
700 1 _aTriffaux, Edgar.
_9156470
700 1 _aGraffin, René,
_d1858-1941
_9156163
700 1 _aNau, François.
_985006
852 _aES-MaACL
_jG-705
999 _c184070
_d184070